Echo : (Record no. 132980)
[ view plain ]
| 000 -LEADER | |
|---|---|
| fixed length control field | 00516nam a22002057a 4500 |
| 005 - DATE AND TIME OF LATEST TRANSACTION | |
| control field | 20231227095148.0 |
| 008 - FIXED-LENGTH DATA ELEMENTS--GENERAL INFORMATION | |
| fixed length control field | 231227b ||||| |||| 00| 0 eng d |
| 020 ## - INTERNATIONAL STANDARD BOOK NUMBER | |
| International Standard Book Number | 9780702066573 |
| 040 ## - CATALOGING SOURCE | |
| Transcribing agency | PK-LaUMT |
| 082 ## - DEWEY DECIMAL CLASSIFICATION NUMBER | |
| Classification number | 616.1207543 |
| Item number | KAD-E |
| 100 ## - MAIN ENTRY--PERSONAL NAME | |
| Personal name | Kaddoura, Sam |
| 245 ## - TITLE STATEMENT | |
| Title | Echo : |
| Remainder of title | made easy / |
| Statement of responsibility, etc | by Sam Kaddoura |
| 250 ## - EDITION STATEMENT | |
| Edition statement | 3rd ed. |
| 260 ## - PUBLICATION, DISTRIBUTION, ETC. (IMPRINT) | |
| Place of publication, distribution, etc | Edinburgh : |
| Name of publisher, distributor, etc | Elsevier, |
| Date of publication, distribution, etc | 2016 |
| 300 ## - PHYSICAL DESCRIPTION | |
| Extent | 286 p. |
| 650 ## - SUBJECT ADDED ENTRY--TOPICAL TERM | |
| Topical term or geographic name as entry element | Echocardiography |
| 650 ## - SUBJECT ADDED ENTRY--TOPICAL TERM | |
| Topical term or geographic name as entry element | Echo techniques |
| 650 ## - SUBJECT ADDED ENTRY--TOPICAL TERM | |
| Topical term or geographic name as entry element | Normal echo |
| 942 ## - ADDED ENTRY ELEMENTS (KOHA) | |
| Koha item type | Books |
| Withdrawn status | Lost status | Damaged status | Home library | Current library | Date acquired | Full call number | Barcode | Date last seen | Price effective from | Koha item type | Copy number |
|---|---|---|---|---|---|---|---|---|---|---|---|
| UMT Health Sciences Campus | UMT Health Sciences Campus | 2023-12-27 | 616.1207543 KAD-E | 146216 | 2026-04-13 | 2023-12-27 | Books | ||||
| UMT Health Sciences Campus | UMT Health Sciences Campus | 2023-12-27 | 616.1207543 KAD-E | 146217 | 2026-04-20 | 2023-12-27 | Books | C.2 | |||
| UMT Health Sciences Campus | UMT Health Sciences Campus | 2023-12-27 | 616.1207543 KAD-E | 146218 | 2026-05-30 | 2023-12-27 | Books | C.3 |
